000
00341nam a2200157Ia 4500
001
33944
003
IN-NITTTR
005
20251114233141.0
008
251113s9999||||xx |||||||||||||| ||eng||
040
_b
eng
040
_c
IN-NITTTR
041
_a
eng
082
_a
P 624.183405 I2
245
0
_a
Indian Concrete Journal /
942
_2
ddc
_c
BK
999
_c
17598
_d
17598